Tính toán móng cọc xiên chéo lớn đập trụ đỡ
Giới thiệu về đập trụ đỡ, các phương pháp tính toán sức chịu tải, cơ sở lý luận và phương pháp tính toán móng cọc xiên chéo lớn, thiết kế móng cọc xiên chéo lớn cho công trình cống Cái Lớn (tỉnh Kiên Giang) theo công nghệ đập trụ đỡ,...
Zapisane w:
| 1. autor: | |
|---|---|
| Format: | Książka |
| Język: | Undetermined |
| Wydane: |
Hà Nội
Khoa học và Kỹ thuật
2017
|
| Hasła przedmiotowe: | |
| Etykiety: |
Dodaj etykietę
Nie ma etykietki, Dołącz pierwszą etykiete!
|
| Thư viện lưu trữ: | Trung tâm Học liệu Trường Đại học Cần Thơ |
|---|
| LEADER | 01263nam a2200217Ia 4500 | ||
|---|---|---|---|
| 001 | CTU_238778 | ||
| 008 | 210402s9999 xx 000 0 und d | ||
| 082 | |a 627.82 | ||
| 082 | |b Th103 | ||
| 100 | |a Trần, Văn Thái | ||
| 245 | 0 | |a Tính toán móng cọc xiên chéo lớn đập trụ đỡ | |
| 245 | 0 | |c Trần Văn Thái (Chủ biên), Nguyễn Đình Trường | |
| 260 | |a Hà Nội | ||
| 260 | |b Khoa học và Kỹ thuật | ||
| 260 | |c 2017 | ||
| 520 | |a Giới thiệu về đập trụ đỡ, các phương pháp tính toán sức chịu tải, cơ sở lý luận và phương pháp tính toán móng cọc xiên chéo lớn, thiết kế móng cọc xiên chéo lớn cho công trình cống Cái Lớn (tỉnh Kiên Giang) theo công nghệ đập trụ đỡ, công trình cống Bông Bót (Trà Vinh) và áp dụng thiết kế móng cọc xiên chéo lớn cho một số công trình đập trụ đỡ ở Việt Nam | ||
| 526 | |a Thủy công | ||
| 526 | |b CN315 | ||
| 650 | |a Kỹ thuật thủy lực,Hydraulic Engineering | ||
| 910 | |b nthai | ||
| 980 | |a Trung tâm Học liệu Trường Đại học Cần Thơ | ||